[Event "EYCC Open-U14 2019"]
[Site "Bratislava"]
[Date "2019.08.06"]
[Round "5.21"]
[White "Petreski, Leonid"]
[Black "Oglaza, Oskar"]
[Result "0-1"]
[WhiteElo "1644"]
[BlackElo "2345"]
[Annotator "NA"]
[PlyCount "72"]
[EventDate "2019.08.02"]
[EventType "swiss"]
[EventCountry "SVK"]
[SourceTitle "playchess.com"]
[Source "ChessBase"]
[SourceQuality "1"]
[TimeControl "40/5400+30:1800+30"]

1. e4 {[%emt 0:00:00]} c5 {[%emt 0:00:00]} 2. Nf3 {[%emt 0:00:00]} e6 {[%emt 0:00:00]} 3. d4 {[%emt 0:00:03]} cxd4 {[%emt 0:00:00]} 4. Nxd4 {[%emt 0:00:05]} Nf6 {[%emt 0:00:00]} 5. Bd3 {[%emt 0:00:18]} Nc6 {[%emt 0:00:00]} 6. Nb3 {[%emt 0:00:14]} Be7 {[%emt 0:01:27]} 7. O-O {[%emt 0:01:01]} O-O {[%emt 0:01:29]} 8. f4 {[%emt 0:02:25]} e5 {[%emt 0:06:38]} 9. Nc3 {[%emt 0:05:44]} exf4 {[%emt 0:02:16]} 10. Bxf4 {[%emt 0:01:19]} d6 {[%emt 0:00:26]} 11. Be2 {[%emt 0:08:36]} Be6 {[%emt 0:01:21]} 12. Bf3 {[%emt 0:00:24]} Ne5 {[%emt 0:11:01]} 13. Qd4 {[%emt 0:07:13]} Nfd7 {[%emt 0:08:47]} 14. Rad1 {[%emt 0:06:57]} Bg5 {[%emt 0:13:56]} 15. Bxg5 {[%emt 0:12:43]} Qxg5 {[%emt 0:00:05]} 16. Nd2 {[%emt 0:02:49]} Nf6 {[%emt 0:01:15]} 17. Nd5 {[%emt 0:02:47]} Bxd5 {[%emt 0:08:59]} 18. exd5 {[%emt 0:00:20]} Rfe8 {[%emt 0:00:01]} 19. c4 {[%emt 0:03:34]} b6 {[%emt 0:00:09]} 20. b4 {[%emt 0:02:33]} Rac8 {[%emt 0:01:33]} 21. Rc1 {[%emt 0:00:10]} Ng6 {[%emt 0:08:04]} 22. Rfe1 {[%emt 0:12:57]} Rxe1+ {[%emt 0:05:13]} 23. Rxe1 {[%emt 0:00:34]} Ne5 {[%emt 0:00:02]} 24. Kh1 {[%emt 0:05:14]} h5 {[%emt 0:00:27]} 25. Be2 {[%emt 0:08:15]} Nfg4 {[%emt 0:08:31]} 26. Bxg4 {[%emt 0:03:33]} Qxg4 {[%emt 0:00:58]} 27. Qxg4 {[%emt 0:05:32]} hxg4 {[%emt 0:00:04]} 28. a4 {[%emt 0:00:29]} a6 {[%emt 0:06:52]} 29. c5 {[%emt 0:05:18]} bxc5 {[%emt 0:01:00]} 30. b5 {[%emt 0:00:12]} axb5 {[%emt 0:00:21]} 31. axb5 {[%emt 0:00:19]} Rb8 {[%emt 0:05:41]} 32. Rb1 {[%emt 0:02:07]} f5 {[%emt 0:01:01]} 33. Nf1 {[%emt 0:01:34]} Kf7 {[%emt 0:01:39]} 34. Kg1 {[%emt 0:00:39]} g6 {[%emt 0:01:20]} 35. Kf2 {[%emt 0:00:26]} Nd3+ {[%emt 0:00:56]} 36. Ke3 {[%emt 0:00:39]} Nb4 {[%emt 0:00:04] Kd4} 0-1

[Event "EYCC Open-U14 2019"]
[Site "Bratislava"]
[Date "2019.08.06"]
[Round "5.22"]
[White "Musyuk, Lior"]
[Black "Kristoferitsch, Daniel"]
[Result "1/2-1/2"]
[WhiteElo "2236"]
[BlackElo "2108"]
[Annotator "NA"]
[PlyCount "75"]
[EventDate "2019.08.02"]
[EventType "swiss"]
[EventCountry "SVK"]
[SourceTitle "playchess.com"]
[Source "ChessBase"]
[SourceQuality "1"]
[TimeControl "40/5400+30:1800+30"]

1. e4 {[%emt 0:00:00]} e6 {[%emt 0:00:00]} 2. d4 {[%emt 0:00:00]} d5 {[%emt 0:00:00]} 3. Nc3 {[%emt 0:00:06]} Nf6 {[%emt 0:00:00]} 4. e5 {[%emt 0:00:42]} Nfd7 {[%emt 0:00:04]} 5. f4 {[%emt 0:00:08]} c5 {[%emt 0:00:08]} 6. Nf3 {[%emt 0:00:45]} Nc6 {[%emt 0:00:11]} 7. Be3 {[%emt 0:00:11]} Be7 {[%emt 0:00:28]} 8. dxc5 {[%emt 0:00:55]} O-O {[%emt 0:14:19]} 9. Qd2 {[%emt 0:02:07]} Qa5 {[%emt 0:00:20]} 10. O-O-O {[%emt 0:04:47]} b6 {[%emt 0:05:30]} 11. Bb5 {[%emt 0:18:00]} Nb4 {[%emt 0:00:42]} 12. a3 {[%emt 0:06:20]} bxc5 {[%emt 0:00:57]} 13. Bxd7 {[%emt 0:03:00]} Bxd7 {[%emt 0:00:10]} 14. axb4 {[%emt 0:00:53]} cxb4 {[%emt 0:00:07]} 15. Nb1 {[%emt 0:01:15]} Rfc8 {[%emt 0:00:11]} 16. Nd4 {[%emt 0:03:40]} Qa2 {[%emt 0:01:34]} 17. Qd3 {[%emt 0:05:00]} a5 {[%emt 0:00:16]} 18. Kd2 {[%emt 0:06:40]} Qxb2 {[%emt 0:05:44]} 19. Nb3 {[%emt 0:05:46]} a4 {[%emt 0:17:08]} 20. Bd4 {[%emt 0:01:33]} Qa2 {[%emt 0:00:12]} 21. Nc1 {[%emt 0:02:28]} Qxb1 {[%emt 0:05:38]} 22. Nb3 {[%emt 0:01:04]} Qa2 {[%emt 0:00:21]} 23. Ra1 {[%emt 0:00:59]} axb3 {[%emt 0:00:12]} 24. Rxa2 {[%emt 0:00:54]} bxa2 {[%emt 0:00:09]} 25. Bb2 {[%emt 0:07:55]} Rc4 {[%emt 0:06:59]} 26. Ra1 {[%emt 0:01:28]} Rxf4 {[%emt 0:09:49]} 27. Qb3 {[%emt 0:01:51]} Rf2+ {[%emt 0:00:34]} 28. Ke1 {[%emt 0:01:56]} Rxg2 {[%emt 0:07:03]} 29. Rxa2 {[%emt 0:00:30]} Rxa2 {[%emt 0:00:06]} 30. Qxa2 {[%emt 0:00:07]} Be8 {[%emt 0:02:08]} 31. Bd4 {[%emt 0:02:03]} Kf8 {[%emt 0:06:28]} 32. Kd1 {[%emt 0:03:19]} g6 {[%emt 0:14:10]} 33. Qa7 {[%emt 0:04:52]} Rxh2 {[%emt 0:00:34]} 34. Bc5 {[%emt 0:00:28]} Bxc5 {[%emt 0:00:33]} 35. Qxc5+ {[%emt 0:00:03]} Kg7 {[%emt 0:00:42]} 36. Qe7 {[%emt 0:00:13]} Bb5 {[%emt 0:00:54]} 37. Qf6+ {[%emt 0:00:20]} Kg8 {[%emt 0:00:08]} 38. Qd8+ {[%emt 0:00:09]} 1/2-1/2

[Event "EYCC Open-U14 2019"]
[Site "Bratislava"]
[Date "2019.08.06"]
[Round "5.23"]
[White "Tadic, Stefan"]
[Black "Brnusak, Tomas"]
[Result "1-0"]
[WhiteElo "2262"]
[BlackElo "2032"]
[Annotator "NA"]
[PlyCount "71"]
[EventDate "2019.08.02"]
[EventType "swiss"]
[EventCountry "SVK"]
[SourceTitle "playchess.com"]
[Source "ChessBase"]
[SourceQuality "1"]
[TimeControl "40/5400+30:1800+30"]

1. e4 {[%emt 0:00:00]} c5 {[%emt 0:00:00]} 2. Nf3 {[%emt 0:00:00]} e6 {[%emt 0:00:36]} 3. d4 {[%emt 0:00:30]} cxd4 {[%emt 0:00:54]} 4. Nxd4 {[%emt 0:00:04]} Nc6 {[%emt 0:00:45]} 5. Nc3 {[%emt 0:00:08]} Qc7 {[%emt 0:01:02]} 6. Be2 {[%emt 0:00:12]} a6 {[%emt 0:00:31]} 7. O-O {[%emt 0:00:10]} Nf6 {[%emt 0:00:47]} 8. Be3 {[%emt 0:00:20]} Bb4 {[%emt 0:00:46]} 9. Nxc6 {[%emt 0:00:05]} bxc6 {[%emt 0:00:22]} 10. Qd4 {[%emt 0:00:04]} c5 {[%emt 0:02:49]} 11. Qc4 {[%emt 0:00:04]} Bb7 {[%emt 0:01:02]} 12. a3 {[%emt 0:00:46]} Bxc3 {[%emt 0:03:23]} 13. Qxc3 {[%emt 0:00:06]} Rc8 {[%emt 0:00:41]} 14. f3 {[%emt 0:15:25]} d5 {[%emt 0:02:08]} 15. exd5 {[%emt 0:07:10]} exd5 {[%emt 0:01:56]} 16. Bg5 {[%emt 0:00:40]} Nd7 {[%emt 0:06:30]} 17. Qxg7 {[%emt 0:00:46]} Qe5 {[%emt 0:09:13]} 18. Qxe5+ {[%emt 0:00:30]} Nxe5 {[%emt 0:00:07]} 19. Bf6 {[%emt 0:00:03]} Ng6 {[%emt 0:00:33]} 20. Bxh8 {[%emt 0:00:12]} Nxh8 {[%emt 0:00:07]} 21. f4 {[%emt 0:06:01]} Kf8 {[%emt 0:04:12]} 22. Bf3 {[%emt 0:01:39]} Ng6 {[%emt 0:00:48]} 23. g3 {[%emt 0:00:08]} c4 {[%emt 0:01:55]} 24. Rad1 {[%emt 0:02:54]} Ne7 {[%emt 0:00:45]} 25. g4 {[%emt 0:05:12]} Rc5 {[%emt 0:01:08]} 26. c3 {[%emt 0:01:40]} Ng6 {[%emt 0:01:50]} 27. Rd4 {[%emt 0:03:41]} Ke7 {[%emt 0:01:09]} 28. Rfd1 {[%emt 0:02:54]} Kd6 {[%emt 0:01:01]} 29. Kf2 {[%emt 0:01:01]} Nf8 {[%emt 0:01:13]} 30. Kg3 {[%emt 0:01:34]} Ne6 {[%emt 0:00:43]} 31. R4d2 {[%emt 0:00:12]} Rb5 {[%emt 0:00:24]} 32. h4 {[%emt 0:09:18]} d4 {[%emt 0:03:11]} 33. Bxb7 {[%emt 0:00:50]} Rxb7 {[%emt 0:00:08]} 34. f5 {[%emt 0:00:28]} Nc5 {[%emt 0:04:26]} 35. Rxd4+ {[%emt 0:00:05]} Ke5 {[%emt 0:00:06]} 36. Rd5+ {[%emt 0:00:05] Kxd5} 1-0

[Event "EYCC Open-U14 2019"]
[Site "Bratislava"]
[Date "2019.08.06"]
[Round "5.24"]
[White "Gnojek, Petr"]
[Black "Grzesik, Gracjan"]
[Result "1-0"]
[WhiteElo "2246"]
[BlackElo "2004"]
[Annotator "NA"]
[PlyCount "125"]
[EventDate "2019.08.02"]
[EventType "swiss"]
[EventCountry "SVK"]
[SourceTitle "playchess.com"]
[Source "ChessBase"]
[SourceQuality "1"]
[TimeControl "40/5400+30:1800+30"]

1. d4 {[%emt 0:00:00]} Nf6 {[%emt 0:00:00]} 2. c4 {[%emt 0:00:00]} e6 {[%emt 0:00:00]} 3. Nf3 {[%emt 0:00:00]} d5 {[%emt 0:00:00]} 4. Nc3 {[%emt 0:00:00]} Be7 {[%emt 0:00:29]} 5. Bg5 {[%emt 0:00:00]} h6 {[%emt 0:00:38]} 6. Bh4 {[%emt 0:00:27]} O-O {[%emt 0:01:13]} 7. e3 {[%emt 0:00:37]} Ne4 {[%emt 0:03:08]} 8. Bxe7 {[%emt 0:00:32]} Qxe7 {[%emt 0:00:17]} 9. cxd5 {[%emt 0:01:30]} Nxc3 {[%emt 0:03:31]} 10. bxc3 {[%emt 0:01:24]} exd5 {[%emt 0:00:50]} 11. Qc2 c5 {[%emt 0:10:13]} 12. Bd3 {[%emt 0:04:41]} c4 {[%emt 0:13:05]} 13. Bf5 {[%emt 0:01:20]} Nc6 {[%emt 0:01:23]} 14. O-O {[%emt 0:01:40]} b5 {[%emt 0:08:29]} 15. Rfe1 {[%emt 0:01:18]} Re8 {[%emt 0:04:16]} 16. Nd2 {[%emt 0:07:02]} Qa3 {[%emt 0:09:54]} 17. Bxc8 {[%emt 0:02:57]} Raxc8 {[%emt 0:11:24]} 18. e4 {[%emt 0:00:39]} dxe4 {[%emt 0:22:29]} 19. Nxe4 {[%emt 0:00:58]} b4 {[%emt 0:03:26]} 20. d5 {[%emt 0:01:34]} Ne5 {[%emt 0:00:51]} 21. cxb4 {[%emt 0:02:57]} Nd3 {[%emt 0:01:17]} 22. Re3 {[%emt 0:00:58]} Nxb4 {[%emt 0:03:02]} 23. Qe2 {[%emt 0:08:32]} Qa4 {[%emt 0:01:01]} 24. Nc3 {[%emt 0:04:10]} Qd7 {[%emt 0:00:28]} 25. Rxe8+ {[%emt 0:01:39]} Qxe8 {[%emt 0:00:12]} 26. Re1 {[%emt 0:00:31]} Qxe2 {[%emt 0:00:48]} 27. Rxe2 {[%emt 0:00:04]} Rd8 {[%emt 0:00:29]} 28. g3 {[%emt 0:03:44]} Rd7 {[%emt 0:00:29]} 29. Rd2 {[%emt 0:01:09]} f5 30. Rd4 {[%emt 0:00:43]} Kh7 {[%emt 0:01:00]} 31. Kf1 {[%emt 0:02:24]} Kg6 {[%emt 0:00:21]} 32. a3 {[%emt 0:00:30]} Nc2 {[%emt 0:00:39]} 33. Rd2 {[%emt 0:00:07]} Na1 {[%emt 0:00:32]} 34. Rd4 {[%emt 0:01:30]} Nb3 {[%emt 0:00:14]} 35. Rd1 {[%emt 0:00:37]} Kf6 {[%emt 0:00:35]} 36. Re1 {[%emt 0:04:42]} Re7 {[%emt 0:00:37]} 37. Rxe7 {[%emt 0:00:38]} Kxe7 {[%emt 0:00:01]} 38. Ke2 {[%emt 0:00:12]} a6 {[%emt 0:00:52]} 39. Ke3 {[%emt 0:01:01]} g5 {[%emt 0:00:43]} 40. h3 {[%emt 0:00:00]} Kd6 {[%emt 0:00:00]} 41. f4 {[%emt 0:05:20]} Ke7 {[%emt 0:13:49]} 42. g4 {[%emt 0:02:09]} Kf6 {[%emt 0:05:10]} 43. d6 {[%emt 0:07:31]} gxf4+ {[%emt 0:06:22]} 44. Kxf4 {[%emt 0:00:05]} fxg4 {[%emt 0:01:38]} 45. Kxg4 {[%emt 0:01:43]} Nd4 {[%emt 0:02:08]} 46. Kh5 {[%emt 0:01:34]} Nb5 {[%emt 0:02:06]} 47. Nd5+ {[%emt 0:04:44]} Ke6 {[%emt 0:00:29]} 48. d7 {[%emt 0:00:04]} Kxd7 {[%emt 0:00:31]} 49. Nb6+ {[%emt 0:00:05]} Ke6 {[%emt 0:02:23]} 50. Nxc4 {[%emt 0:00:04]} Kf7 {[%emt 0:00:41]} 51. Kxh6 {[%emt 0:00:12]} Kg8 {[%emt 0:00:42]} 52. Kg6 {[%emt 0:00:19]} Kh8 {[%emt 0:00:20]} 53. a4 {[%emt 0:01:44]} Nc3 {[%emt 0:00:16]} 54. a5 {[%emt 0:00:04]} Ne4 {[%emt 0:00:47]} 55. Ne5 {[%emt 0:01:55]} Nc5 {[%emt 0:00:31]} 56. h4 {[%emt 0:00:35]} Ne6 {[%emt 0:00:35]} 57. Nd7 {[%emt 0:01:03]} Kg8 {[%emt 0:00:26]} 58. h5 {[%emt 0:00:51]} Nd4 {[%emt 0:00:27]} 59. h6 {[%emt 0:00:43]} Nc6 {[%emt 0:00:26]} 60. h7+ {[%emt 0:01:38]} Kh8 {[%emt 0:00:02]} 61. Nf8 {[%emt 0:00:49]} Nxa5 {[%emt 0:01:08]} 62. Kh6 {[%emt 0:00:07]} Nc6 {[%emt 0:00:31]} 63. Ng6# {[%emt 0:00:35]} 1-0

[Event "EYCC Open-U14 2019"]
[Site "Bratislava"]
[Date "2019.08.06"]
[Round "5.25"]
[White "Kusa, Jakub"]
[Black "Zemach, Nadav"]
[Result "1-0"]
[WhiteElo "2199"]
[BlackElo "1997"]
[Annotator "NA"]
[PlyCount "206"]
[EventDate "2019.08.02"]
[EventType "swiss"]
[EventCountry "SVK"]
[SourceTitle "playchess.com"]
[Source "ChessBase"]
[SourceQuality "1"]
[TimeControl "40/5400+30:1800+30"]

1. e4 {[%emt 0:00:00]} e5 {[%emt 0:00:00]} 2. Nf3 {[%emt 0:00:00]} Nc6 {[%emt 0:00:00]} 3. Bb5 {[%emt 0:00:00]} a6 {[%emt 0:00:00]} 4. Ba4 {[%emt 0:00:11]} Nf6 {[%emt 0:00:00]} 5. O-O {[%emt 0:00:14]} Be7 {[%emt 0:00:00]} 6. d3 {[%emt 0:00:28]} b5 {[%emt 0:00:00]} 7. Bb3 {[%emt 0:00:10]} d6 {[%emt 0:00:05]} 8. a3 {[%emt 0:00:43]} O-O {[%emt 0:00:18]} 9. Nc3 {[%emt 0:00:14]} Bg4 {[%emt 0:00:14]} 10. Be3 {[%emt 0:00:36]} Nd4 {[%emt 0:00:05]} 11. Bxd4 {[%emt 0:00:14]} exd4 {[%emt 0:00:02]} 12. Nd5 {[%emt 0:00:32]} Nd7 {[%emt 0:00:03]} 13. h3 {[%emt 0:00:40]} Bxf3 {[%emt 0:00:02]} 14. Qxf3 {[%emt 0:00:10]} c6 {[%emt 0:00:05]} 15. Nxe7+ {[%emt 0:00:55]} Qxe7 {[%emt 0:00:02]} 16. Qg3 {[%emt 0:00:54]} Nc5 {[%emt 0:00:11]} 17. Ba2 {[%emt 0:01:19]} a5 {[%emt 0:00:10]} 18. f4 {[%emt 0:01:50]} Na4 {[%emt 0:01:41]} 19. Rab1 {[%emt 0:01:47]} b4 {[%emt 0:00:24]} 20. Bb3 {[%emt 0:07:25]} Nc5 {[%emt 0:10:16]} 21. Bc4 {[%emt 0:01:40]} Na4 {[%emt 0:01:14]} 22. Qf2 {[%emt 0:07:52]} c5 {[%emt 0:12:11]} 23. Bb3 {[%emt 0:07:12]} Nb6 {[%emt 0:03:02]} 24. axb4 {[%emt 0:00:28]} axb4 {[%emt 0:00:17]} 25. Rbe1 {[%emt 0:00:59]} Na4 {[%emt 0:03:19]} 26. e5 {[%emt 0:09:30]} Nxb2 {[%emt 0:04:07]} 27. Qg3 {[%emt 0:04:03]} Kh8 {[%emt 0:07:17]} 28. exd6 {[%emt 0:07:23]} Qxd6 {[%emt 0:00:09]} 29. Re5 {[%emt 0:00:37]} Na4 {[%emt 0:05:59]} 30. Rd5 {[%emt 0:01:48]} Qc7 {[%emt 0:17:28]} 31. Re1 {[%emt 0:06:12]} Nc3 {[%emt 0:02:27]} 32. Rde5 {[%emt 0:00:35]} Qd6 {[%emt 0:06:52]} 33. Qf3 {[%emt 0:03:55]} Rad8 {[%emt 0:04:49]} 34. f5 {[%emt 0:05:51]} Rc8 {[%emt 0:05:22]} 35. Qh5 {[%emt 0:04:43]} Kg8 {[%emt 0:03:20]} 36. Re7 {[%emt 0:05:14]} Nd5 {[%emt 0:01:19]} 37. f6 {[%emt 0:05:30]} Nxf6 {[%emt 0:01:26]} 38. Bxf7+ {[%emt 0:03:57]} Kh8 {[%emt 0:00:45]} 39. Qe5 {[%emt 0:02:10]} Qxe5 {[%emt 0:04:02]} 40. R1xe5 {[%emt 0:00:00]} Ng8 {[%emt 0:00:00]} 41. Rb7 {[%emt 0:07:23]} Nh6 {[%emt 0:07:42]} 42. Bb3 {[%emt 0:01:06]} Ra8 {[%emt 0:05:24]} 43. Rxc5 {[%emt 0:03:13]} Nf5 {[%emt 0:05:23]} 44. Rf7 {[%emt 0:02:48]} Rxf7 {[%emt 0:01:51]} 45. Bxf7 {[%emt 0:00:07]} Ne3 {[%emt 0:00:26]} 46. Bb3 {[%emt 0:01:36]} g6 {[%emt 0:02:19]} 47. Rb5 {[%emt 0:01:11]} Ra1+ {[%emt 0:06:03]} 48. Kf2 {[%emt 0:00:42]} Rf1+ {[%emt 0:00:16]} 49. Ke2 {[%emt 0:02:07]} Rg1 {[%emt 0:00:53]} 50. g4 {[%emt 0:02:30]} Rg2+ {[%emt 0:04:39]} 51. Kf3 {[%emt 0:01:06]} Rh2 {[%emt 0:00:01]} 52. Kg3 {[%emt 0:01:27]} Rg2+ {[%emt 0:01:06]} 53. Kf4 {[%emt 0:01:16]} h6 {[%emt 0:03:08]} 54. Rxb4 {[%emt 0:04:05]} Nxc2 {[%emt 0:00:32]} 55. Rc4 {[%emt 0:03:42]} Ne1 {[%emt 0:00:51]} 56. Rxd4 {[%emt 0:01:21]} Rf2+ {[%emt 0:00:27]} 57. Ke4 {[%emt 0:00:31]} Re2+ {[%emt 0:00:53]} 58. Kd5 {[%emt 0:00:48]} Re3 {[%emt 0:00:15]} 59. Re4 {[%emt 0:01:31]} Rxd3+ {[%emt 0:00:32]} 60. Kc4 {[%emt 0:00:11]} Rxh3 {[%emt 0:00:16]} 61. Rxe1 {[%emt 0:00:44]} Rh4 {[%emt 0:00:21]} 62. Re4 {[%emt 0:01:16]} h5 {[%emt 0:00:44]} 63. Bd1 {[%emt 0:00:35]} hxg4 {[%emt 0:02:15]} 64. Kd5 {[%emt 0:00:58]} Kg7 {[%emt 0:00:27]} 65. Ke5 {[%emt 0:00:31]} Rh1 {[%emt 0:02:15]} 66. Bxg4 {[%emt 0:00:22]} Rf1 {[%emt 0:00:16]} 67. Ra4 {[%emt 0:01:16]} Kh6 {[%emt 0:00:15]} 68. Be6 {[%emt 0:00:42]} Kh5 {[%emt 0:01:25]} 69. Ra2 {[%emt 0:00:21]} Re1+ {[%emt 0:01:03]} 70. Kf6 {[%emt 0:00:15]} Rf1+ {[%emt 0:00:38]} 71. Kg7 {[%emt 0:00:33]} Re1 {[%emt 0:02:24]} 72. Bf7 {[%emt 0:00:40]} Kg5 {[%emt 0:00:23]} 73. Ra5+ {[%emt 0:00:14]} Kf4 {[%emt 0:00:06]} 74. Kf6 {[%emt 0:00:45]} Rb1 {[%emt 0:01:14]} 75. Ra4+ {[%emt 0:00:10]} Ke3 {[%emt 0:00:11]} 76. Ke5 {[%emt 0:00:30]} Rb5+ {[%emt 0:00:27]} 77. Bd5 {[%emt 0:00:08]} g5 {[%emt 0:00:07]} 78. Rg4 {[%emt 0:01:07]} Rb8 {[%emt 0:00:33]} 79. Rg3+ {[%emt 0:00:12]} Kf2 {[%emt 0:01:06]} 80. Rxg5 {[%emt 0:00:30]} Ke3 {[%emt 0:00:37]} 81. Rg3+ {[%emt 0:00:12]} Kf2 {[%emt 0:00:06]} 82. Rf3+ {[%emt 0:00:10]} Ke2 {[%emt 0:00:03]} 83. Ra3 {[%emt 0:01:03]} Kf2 {[%emt 0:01:02]} 84. Be4 {[%emt 0:00:12]} Rf8 {[%emt 0:01:19]} 85. Rh3 {[%emt 0:00:42]} Re8+ {[%emt 0:00:16]} 86. Kf4 {[%emt 0:00:12]} Rf8+ {[%emt 0:00:04]} 87. Bf5 {[%emt 0:00:09]} Ke2 {[%emt 0:00:11]} 88. Rh2+ {[%emt 0:00:23]} Kd1 {[%emt 0:00:02]} 89. Ke4 {[%emt 0:00:36]} Re8+ {[%emt 0:00:28]} 90. Kd3 {[%emt 0:00:19]} Rd8+ {[%emt 0:00:10]} 91. Ke3 {[%emt 0:00:14]} Kc1 {[%emt 0:00:57]} 92. Rc2+ {[%emt 0:00:12]} Kd1 {[%emt 0:00:01]} 93. Rb2 {[%emt 0:02:18]} Ke1 {[%emt 0:00:33]} 94. Bd3 {[%emt 0:00:38]} Re8+ {[%emt 0:00:12]} 95. Be4 {[%emt 0:00:11]} Rd8 {[%emt 0:00:17]} 96. Ra2 {[%emt 0:00:21]} Rd7 {[%emt 0:00:23]} 97. Rb2 {[%emt 0:01:04]} Rd8 {[%emt 0:00:41]} 98. Bc6 {[%emt 0:01:27]} Rd6 {[%emt 0:00:21]} 99. Bf3 {[%emt 0:00:19]} Re6+ {[%emt 0:00:10]} 100. Be4 {[%emt 0:00:06]} Rd6 {[%emt 0:00:06]} 101. Re2+ {[%emt 0:01:20]} Kd1 {[%emt 0:00:40]} 102. Rb2 {[%emt 0:00:39]} Ke1 {[%emt 0:00:27]} 103. Rg2 {[%emt 0:00:00]} Rf6 {[%emt 0:00:45]} 1-0

[Event "EYCC Open-U14 2019"]
[Site "Bratislava"]
[Date "2019.08.06"]
[Round "5.26"]
[White "Adamia, Jaba"]
[Black "Pozzari, Simone"]
[Result "0-1"]
[WhiteElo "1819"]
[BlackElo "2179"]
[Annotator "NA"]
[PlyCount "60"]
[EventDate "2019.08.02"]
[EventType "swiss"]
[EventCountry "SVK"]
[SourceTitle "playchess.com"]
[Source "ChessBase"]
[SourceQuality "1"]
[TimeControl "40/5400+30:1800+30"]

1. d4 {[%emt 0:00:00]} g6 {[%emt 0:00:00]} 2. c4 {[%emt 0:00:00]} Nf6 {[%emt 0:00:00]} 3. Nc3 {[%emt 0:00:05]} Bg7 {[%emt 0:00:00]} 4. e4 {[%emt 0:00:08]} d6 {[%emt 0:00:00]} 5. f3 O-O {[%emt 0:00:05]} 6. Be3 {[%emt 0:00:16]} c5 {[%emt 0:00:04]} 7. Nge2 {[%emt 0:17:28]} Nbd7 {[%emt 0:02:43]} 8. g4 {[%emt 0:13:36]} a6 {[%emt 0:09:16]} 9. Qd2 {[%emt 0:04:46]} Qa5 {[%emt 0:03:12]} 10. g5 {[%emt 0:10:06]} Ne8 {[%emt 0:07:59]} 11. f4 {[%emt 0:28:53]} Nc7 {[%emt 0:04:40]} 12. h4 {[%emt 0:05:44]} b5 {[%emt 0:03:09]} 13. h5 {[%emt 0:03:17]} Nb6 {[%emt 0:11:29]} 14. Ng3 {[%emt 0:03:31]} Ne6 {[%emt 0:39:10]} 15. hxg6 {[%emt 0:05:36]} fxg6 {[%emt 0:00:09]} 16. f5 {[%emt 0:01:33]} Nxd4 {[%emt 0:01:29]} 17. Bxd4 {[%emt 0:02:39]} cxd4 {[%emt 0:00:02]} 18. Qh2 {[%emt 0:00:31]} h6 {[%emt 0:14:15]} 19. gxh6 {[%emt 0:00:28]} Be5 20. Qh4 {[%emt 0:00:51]} dxc3 {[%emt 0:01:23]} 21. Qxe7 {[%emt 0:00:23]} Bxf5 {[%emt 0:00:17]} 22. Nxf5 {[%emt 0:00:31]} cxb2+ {[%emt 0:00:48]} 23. Ke2 {[%emt 0:00:14]} bxa1=Q {[%emt 0:00:34]} 24. Qe6+ {[%emt 0:00:40]} Kh7 {[%emt 0:00:32]} 25. Qe7+ {[%emt 0:00:20]} Kh8 {[%emt 0:00:05]} 26. Qg7+ {[%emt 0:00:10]} Bxg7 {[%emt 0:00:08]} 27. hxg7+ {[%emt 0:00:04]} Kg8 {[%emt 0:00:06]} 28. Rh8+ {[%emt 0:00:18]} Kf7 {[%emt 0:00:03]} 29. gxf8=Q+ {[%emt 0:00:14]} Rxf8 {[%emt 0:00:06]} 30. Rh7+ {[%emt 0:00:17]} Kf6 {[%emt 0:00:14]} 0-1

[Event "EYCC Open-U14 2019"]
[Site "Bratislava"]
[Date "2019.08.06"]
[Round "5.27"]
[White "Laptii, Nazar"]
[Black "Vaupot, Luka"]
[Result "1-0"]
[WhiteElo "2133"]
[BlackElo "1939"]
[Annotator "NA"]
[PlyCount "73"]
[EventDate "2019.08.02"]
[EventType "swiss"]
[EventCountry "SVK"]
[SourceTitle "playchess.com"]
[Source "ChessBase"]
[SourceQuality "1"]
[TimeControl "40/5400+30:1800+30"]

1. e4 {[%emt 0:00:00]} e5 {[%emt 0:00:00]} 2. Nc3 {[%emt 0:00:00]} Nc6 {[%emt 0:00:00]} 3. g3 {[%emt 0:00:00]} Bc5 {[%emt 0:00:21]} 4. Bg2 {[%emt 0:00:00]} Nf6 {[%emt 0:01:12]} 5. h3 {[%emt 0:06:39]} O-O {[%emt 0:00:49]} 6. Nge2 {[%emt 0:00:16]} d6 {[%emt 0:05:51]} 7. Na4 {[%emt 0:00:29]} Bb4 {[%emt 0:06:38]} 8. O-O {[%emt 0:03:27]} b5 {[%emt 0:08:34]} 9. Nac3 {[%emt 0:00:25]} a6 {[%emt 0:00:07]} 10. f4 {[%emt 0:05:14]} Bc5+ {[%emt 0:07:11]} 11. Kh2 {[%emt 0:02:34]} Nd4 {[%emt 0:00:23]} 12. Nxd4 {[%emt 0:04:15]} Bxd4 {[%emt 0:03:51]} 13. Ne2 {[%emt 0:01:06]} Bb7 {[%emt 0:03:38]} 14. d3 {[%emt 0:02:40]} Bb6 {[%emt 0:08:06]} 15. g4 {[%emt 0:03:54]} Re8 {[%emt 0:05:53]} 16. g5 {[%emt 0:07:58]} Nd7 {[%emt 0:00:21]} 17. f5 {[%emt 0:00:19]} Nf8 {[%emt 0:00:11]} 18. Ng3 {[%emt 0:00:34]} d5 {[%emt 0:00:59]} 19. Qf3 {[%emt 0:02:16]} dxe4 {[%emt 0:03:47]} 20. dxe4 {[%emt 0:00:18]} Qd7 {[%emt 0:05:47]} 21. Nh5 {[%emt 0:05:42]} Qc6 {[%emt 0:01:29]} 22. c3 {[%emt 0:00:55]} Rad8 {[%emt 0:00:56]} 23. Qg3 {[%emt 0:00:27]} Kh8 {[%emt 0:02:16]} 24. g6 {[%emt 0:30:19]} fxg6 {[%emt 0:07:13]} 25. f6 {[%emt 0:00:31]} Ne6 {[%emt 0:00:43]} 26. Nxg7 {[%emt 0:03:05]} Nxg7 {[%emt 0:00:18]} 27. fxg7+ {[%emt 0:00:27]} Kxg7 {[%emt 0:00:32]} 28. Bg5 {[%emt 0:01:56]} Rd6 {[%emt 0:05:19]} 29. Bh6+ {[%emt 0:13:39]} Kxh6 {[%emt 0:02:23]} 30. Rf7 {[%emt 0:00:01]} g5 {[%emt 0:00:43]} 31. h4 {[%emt 0:00:23]} Rg6 {[%emt 0:06:49]} 32. Raf1 {[%emt 0:00:16]} Ree6 {[%emt 0:01:39]} 33. R1f5 {[%emt 0:01:00]} g4 {[%emt 0:02:40]} 34. Bf3 {[%emt 0:01:03]} Be3 {[%emt 0:00:16]} 35. Bxg4 {[%emt 0:01:11]} Rg5 {[%emt 0:03:54]} 36. hxg5+ {[%emt 0:00:23]} Kg6 {[%emt 0:00:22]} 37. Bh5+ {[%emt 0:00:09]} 1-0